| 000 | 02160cam a22004575a 4500 | ||
|---|---|---|---|
| 001 | L158823 | ||
| 008 | 100119s2015 xxko f 001 0 eng d | ||
| 020 | _a9781900915779 | ||
| 035 | _a(Sirsi) u158823 | ||
| 041 | 0 | _aeng | |
| 050 | 0 | 4 | _a690.241 $2 18 |
| 110 | 2 |
_aCathedral Communications Limited _93087 |
|
| 245 | 0 | 0 |
_aHistoric churches _bthe conservation and repair of ecclesiastical buildings _h[electronic resource] |
| 250 | _a22st ed. | ||
| 260 |
_aTisbury _bCathedral Communications _c2015 |
||
| 300 |
_a52p. _bcol. ill. _c30cm. |
||
| 490 | 0 | _aBuilding Conservation Directory Special Report | |
| 505 | 2 | _aWooden churches of the Russian north -- Ledger stones -- The great east window of York Minster -- Heavenly musicians or jolly troubadours? interpreting medieval corbel sculpture -- Interior decoration and permeability -- Church brasswork -- Metal sheet roofing and its substitutes, a brief history -- Maintenance co-operatives -- Ffor the record: documenting church conservation and repair work -- Historic churchyard yews -- Funding in parish churches -- Useful contacts -- Products and services -- Index of advertisers | |
| 520 | _aDiscusses issues, building techniques and materials relevant to the conservation and repair of churches. Includes a directory of useful organisations, products and services. | ||
| 521 | 2 | _aAdvanced | |
| 590 | _aKA | ||
| 651 | 4 |
_aUnited Kingdom _y |
|
| 690 | _aBUILT ENVIRONMENT-BUILDING MAINTENANCE AND REFURBISHMENT-BUILDING RESTORATION | ||
| 700 | 1 | _aDavies, Richard | |
| 700 | 1 | _aLitten, Julian | |
| 700 | 1 | _aArrol, Andrew | |
| 700 | 1 |
_aBrown, Sarah _96070 |
|
| 700 | 1 | _aHalsey, Richard | |
| 700 | 1 | _aParsons, Mark | |
| 700 | 1 | _aMurray, Will | |
| 700 | 1 | _aRedman, Tony | |
| 700 | 1 | _aStreeter, Kate | |
| 700 | 1 | _aAiers, Peter | |
| 700 | 1 | _aHindson, Toby | |
| 700 | 1 | _aKnight, David | |
| 700 | 1 | _aMcIntyre, Lisa | |
| 700 | 1 | _aGreenway, Emily | |
| 710 | 2 |
_aBuilding Conservation Directory _93988 |
|
| 856 | 4 | 1 |
_uhttps://www.buildingconservation.com/books/churches2015/files/assets/basic-html/page-I.html _zView the articles at www.buildingconservation.com |
| 942 |
_n0 _2ddc |
||
| 999 |
_c115523 _d115523 |
||